| 000 | 00739nam a22002175i 4500 | ||
|---|---|---|---|
| 001 | 162225 | ||
| 003 | ES-MaACL | ||
| 005 | 20230906212445.0 | ||
| 008 | 001024s1869 fr a |||| | fre d | ||
| 040 |
_aCAM _bspa _cCAM |
||
| 080 | _a550.3(091)(035) | ||
| 100 | 1 |
_aPizzetta, Jules. _9131191 |
|
| 245 | 1 | 3 |
_aLe monde avant le déluge / _cJules Pizzetta. |
| 260 |
_aParis : _bP. Brunet, _c1869 ( _eAbbeville : _fBriez, C. Paillart et Retaux) |
||
| 300 |
_a214 p. : _bil. ; _c18 cm. |
||
| 490 | 1 | _aBibliothèque de la science pittoresque | |
| 650 | 4 |
_aTierra (Planeta)- _vHistoria. _9184124 |
|
| 830 | 0 |
_aBibliothèque de la science pittoresque _9187934 |
|
| 852 |
_aES-MaACL _jD-1461 _z.- Legado M. de la Fuente |
||
| 999 |
_c162225 _d162225 |
||